[Event "Cancun Camara Cup 11th"]
[Site "Cancun"]
[Date "2023.10.15"]
[Round "9"]
[White "Fernandez, Lisandro"]
[Black "Galaviz Medina, Sion Radamantys"]
[Result "0-1"]
[WhiteElo "2344"]
[BlackElo "2454"]
[PlyCount "70"]
[EventDate "2023.10.11"]
[EventType "swiss"]
[EventRounds "9"]
[EventCountry "MEX"]
[SourceTitle "Mega2024 Update 01"]
[Source "Chessbase"]
[SourceDate "2023.11.12"]
[SourceVersion "1"]
[SourceVersionDate "2023.11.12"]
[SourceQuality "1"]

1. e4 c5 2. Nc3 d6 3. d4 cxd4 4. Qxd4 Nc6 5. Qd2 Nf6 6. b3 e6 7. Bb2 Be7 8. f4 0-0 9. 0-0-0 a6 10. Nf3 b5 11. g4 Bb7 12. g5 Nd7 13. h4 Nc5 14. h5 b4 15. h6 bxc3 16. Qxc3 f6 17. hxg7 Rf7 18. Qe1 Rxg7 19. Rh6 fxg5 20. Bxg7 Kxg7 21. Rh3 Qf8 22. fxg5 Qf4+ 23. Kb1 Ne5 24. Nd4 Qxe4 25. Qg3 Qg4 26. Qe1 Rf8 27. Re3 Bd5 28. c4 Be4+ 29. Kb2 Rf2+ 30. Qxf2 Qxd1 31. Nxe6+ Nxe6 32. Rxe4 Nc5 33. Rxe5 dxe5 34. Qf5 Qd4+ 35. Kb1 Ne4 0-1

[Event "Cancun Camara Cup 11th"]
[Site "Cancun"]
[Date "2023.10.14"]
[Round "7"]
[White "Fernandez, Lisandro"]
[Black "Obregon Garcia, Roxangel"]
[Result "1-0"]
[WhiteElo "2344"]
[BlackElo "2171"]
[PlyCount "93"]
[EventDate "2023.10.11"]
[EventType "swiss"]
[EventRounds "9"]
[EventCountry "MEX"]
[SourceTitle "Mega2024 Update 01"]
[Source "Chessbase"]
[SourceDate "2023.11.12"]
[SourceVersion "1"]
[SourceVersionDate "2023.11.12"]
[SourceQuality "1"]

1. e4 c5 2. Nf3 d6 3. d4 cxd4 4. Nxd4 Nf6 5. Nc3 a6 6. h3 e6 7. g4 Nfd7 8. a3 Be7 9. g5 0-0 10. h4 Nc6 11. Be3 Rb8 12. Be2 Nxd4 13. Qxd4 b5 14. Qd2 Bb7 15. h5 Ne5 16. f4 Nc4 17. Bxc4 bxc4 18. 0-0-0 f5 19. gxf6 Bxf6 20. Qxd6 Qxd6 21. Rxd6 Bxc3 22. bxc3 Bxe4 23. Rg1 Bd5 24. Bd4 Rb7 25. Be5 h6 26. Rxa6 Rf5 27. a4 Rxh5 28. a5 Rf5 29. Rb6 Rd7 30. a6 Kh7 31. Rb8 h5 32. Bd4 Rxf4 33. Bc5 Rf3 34. a7 Be4 35. Re1 Bc6 36. Bd4 h4 37. Rxe6 Rf1+ 38. Kd2 Bf3 39. Ree8 Ra1 40. Ke3 Rf7 41. Rh8+ Kg6 42. a8Q Re1+ 43. Kf2 Re2+ 44. Kf1 Bg4+ 45. Kg1 Re1+ 46. Kh2 Re2+ 47. Qg2 1-0

[Event "Cancun Camara Cup 11th"]
[Site "Cancun"]
[Date "2023.10.13"]
[Round "5"]
[White "Fernandez, Lisandro"]
[Black "Almeida Quintana, Omar"]
[Result "0-1"]
[WhiteElo "2344"]
[BlackElo "2513"]
[PlyCount "98"]
[EventDate "2023.10.11"]
[EventType "swiss"]
[EventRounds "9"]
[EventCountry "MEX"]
[SourceTitle "Mega2024 Update 01"]
[Source "Chessbase"]
[SourceDate "2023.11.12"]
[SourceVersion "1"]
[SourceVersionDate "2023.11.12"]
[SourceQuality "1"]

1. d4 d6 2. c4 e5 3. Nf3 e4 4. Ng5 f5 5. Nh3 Be7 6. Nc3 c6 7. Nf4 Nf6 8. e3 0-0 9. b4 Na6 10. Qb3 g5 11. Nfe2 d5 12. c5 Nc7 13. h4 h6 14. hxg5 hxg5 15. f4 Ng4 16. Nd1 a5 17. Nf2 axb4 18. Nxg4 fxg4 19. Bd2 Ne6 20. f5 Ng7 21. Ng3 Bxf5 22. Qxb4 Qc7 23. Ne2 Be6 24. a4 Nf5 25. 0-0-0 Kg7 26. Kc2 Rh8 27. Rg1 Ra7 28. Nc3 Qh2 29. Be2 Qg3 30. Rdf1 Rha8 31. Rxf5 Bxf5 32. Qb1 Be6 33. Qe1 Qc7 34. Bd1 Rxa4 35. Nxa4 Rxa4 36. Kb2 Ra8 37. Bb3 b6 38. Bc3 Rb8 39. Kc2 Kg6 40. cxb6 Qxb6 41. Qb1 c5 42. Ba4 Qc7 43. Qd1 Bf6 44. Rf1 Bg7 45. Kd2 cxd4 46. Bxd4 Bxd4 47. exd4 Qa5+ 48. Ke3 Qc3+ 49. Kf2 g3+ 0-1

[Event "Cancun Camara Cup 11th"]
[Site "Cancun"]
[Date "2023.10.13"]
[Round "4"]
[White "Gonzalez, Tun Aaron"]
[Black "Fernandez, Lisandro"]
[Result "0-1"]
[WhiteElo "1945"]
[BlackElo "2344"]
[PlyCount "86"]
[EventDate "2023.10.11"]
[EventType "swiss"]
[EventRounds "9"]
[EventCountry "MEX"]
[SourceTitle "Mega2024 Update 01"]
[Source "Chessbase"]
[SourceDate "2023.11.12"]
[SourceVersion "1"]
[SourceVersionDate "2023.11.12"]
[SourceQuality "1"]

1. e4 c5 2. Nf3 a6 3. c4 e6 4. Nc3 Qc7 5. Be2 d6 6. 0-0 Nf6 7. d4 cxd4 8. Nxd4 Be7 9. Re1 0-0 10. Bf1 Nbd7 11. Bg5 b6 12. Rc1 h6 13. Bh4 Bb7 14. f3 Rac8 15. g4 g5 16. Bf2 Ne5 17. b3 Rfd8 18. Bg2 Qb8 19. Qe2 Nfd7 20. Bg3 Ng6 21. Kh1 Nde5 22. Qe3 Bf6 23. Nde2 Rc5 24. Na4 Rc6 25. Nxb6 Kg7 26. Na4 Rh8 27. h3 h5 28. Kg1 Rcc8 29. Nac3 Rh7 30. Red1 Rch8 31. Rd2 hxg4 32. fxg4 Rxh3 33. Bxh3 Rxh3 34. Qf2 Nxg4 35. Qb6 Bxe4 36. Nxe4 Qxb6+ 37. Kg2 Rh8 38. c5 Qc6 39. Kf3 N6e5+ 40. Bxe5 Nxe5+ 41. Ke3 Rh3+ 42. N2g3 Rxg3+ 43. Nxg3 Qf3+ 0-1

[Event "Cancun Camara Cup 11th"]
[Site "Cancun"]
[Date "2023.10.12"]
[Round "2"]
[White "Gonzalez Zamora, Juan Carlos"]
[Black "Fernandez, Lisandro"]
[Result "1-0"]
[WhiteElo "2479"]
[BlackElo "2344"]
[PlyCount "92"]
[EventDate "2023.10.11"]
[EventType "swiss"]
[EventRounds "9"]
[EventCountry "MEX"]
[SourceTitle "Mega2024 Update 01"]
[Source "Chessbase"]
[SourceDate "2023.11.12"]
[SourceVersion "1"]
[SourceVersionDate "2023.11.12"]
[SourceQuality "1"]

1. d4 Nf6 2. c4 g6 3. Nc3 Bg7 4. e4 d6 5. Be2 0-0 6. Nf3 Bg4 7. Be3 Bxf3 8. Bxf3 e5 9. d5 a5 10. h4 c6 11. h5 cxd5 12. cxd5 Na6 13. g4 Nc5 14. g5 Nfd7 15. hxg6 fxg6 16. Bg4 Qe7 17. Qe2 Rf4 18. Bxd7 Nxd7 19. Rg1 Rc8 20. Kf1 Nc5 21. Bxf4 exf4 22. Qg4 Rf8 23. f3 Qc7 24. Rg2 Nd3 25. Rd1 Ne5 26. Qe6+ Kh8 27. Qh3 Nc4 28. Rc1 Bd4 29. Re2 b5 30. Rh2 Rf7 31. Qe6 Re7 32. Qxg6 Ne3+ 33. Ke1 Qc4 34. Ne2 Nc2+ 35. Rxc2 Qxc2 36. Nxd4 Qc1+ 37. Kf2 Qe3+ 38. Kg2 Qd2+ 39. Kh3 Qxh2+ 40. Kxh2 hxg6 41. Nxb5 Rh7+ 42. Kg2 Rh5 43. Nxd6 Rxg5+ 44. Kf2 Kg7 45. Nb7 Rh5 46. d6 Rh7 1-0

[Event "Carlos Torre Memorial op 32nd"]
[Site "Merida"]
[Date "2022.12.21"]
[Round "9"]
[White "Pla, Silvio"]
[Black "Fernandez, Lisandro"]
[Result "0-1"]
[WhiteElo "2048"]
[BlackElo "2354"]
[PlyCount "50"]
[EventDate "2022.12.16"]
[EventType "swiss"]
[EventRounds "9"]
[EventCountry "MEX"]
[SourceTitle "CBM 212 Extra"]
[Source "ChessBase"]
[SourceDate "2023.03.31"]
[SourceVersion "1"]
[SourceVersionDate "2023.03.31"]
[SourceQuality "1"]

1. c4 e5 2. Nc3 Nc6 3. Nf3 f5 4. d4 e4 5. Nd2 Nf6 6. e3 Ne7 7. Be2 d5 8. cxd5 Nexd5 9. 0-0 c6 10. Nc4 Be6 11. Ne5 Bd6 12. f4 exf3 13. Bxf3 0-0 14. Nd3 Qc7 15. g3 Nxc3 16. bxc3 Ne4 17. Qe1 Rae8 18. Nf4 Bf7 19. a4 g5 20. Ne2 Nf6 21. Bg2 Qd7 22. Qf2 Bc4 23. Bf3 Ng4 24. Bxg4 fxg4 25. Qe1 Rf3 0-1

[Event "Carlos Torre Memorial op 32nd"]
[Site "Merida"]
[Date "2022.12.18"]
[Round "5"]
[White "Estrada Nieto, Julian"]
[Black "Fernandez, Lisandro"]
[Result "1-0"]
[WhiteElo "2231"]
[BlackElo "2354"]
[PlyCount "45"]
[EventDate "2022.12.16"]
[EventType "swiss"]
[EventRounds "9"]
[EventCountry "MEX"]
[SourceTitle "CBM 212 Extra"]
[Source "ChessBase"]
[SourceDate "2023.03.31"]
[SourceVersion "1"]
[SourceVersionDate "2023.03.31"]
[SourceQuality "1"]

1. e4 e5 2. Nf3 Nc6 3. Bb5 a6 4. Ba4 Nge7 5. c3 d6 6. d4 Bd7 7. Bb3 h6 8. h4 Ng8 9. Nbd2 Nf6 10. dxe5 dxe5 11. Nc4 Qe7 12. Qe2 0-0-0 13. Bd2 Be6 14. 0-0-0 b5 15. Na3 Bxb3 16. axb3 Qe6 17. Kc2 Bc5 18. Rde1 Qg4 19. Nxb5 Qxe4+ 20. Qxe4 Nxe4 21. Rxe4 axb5 22. Nxe5 Bf8 23. Nf3 1-0

[Event "Carlos Torre Memorial op 32nd"]
[Site "Merida"]
[Date "2022.12.17"]
[Round "2"]
[White "Fernandez, Lisandro"]
[Black "Martinez Alcantara, Jose Eduardo"]
[Result "0-1"]
[WhiteElo "2354"]
[BlackElo "2597"]
[PlyCount "182"]
[EventDate "2022.12.16"]
[EventType "swiss"]
[EventRounds "9"]
[EventCountry "MEX"]
[SourceTitle "CBM 212 Extra"]
[Source "ChessBase"]
[SourceDate "2023.03.31"]
[SourceVersion "1"]
[SourceVersionDate "2023.03.31"]
[SourceQuality "1"]

1. d4 Nf6 2. Nc3 d5 3. Bf4 c5 4. e3 cxd4 5. exd4 Bg4 6. f3 Bd7 7. Nb5 Bxb5 8. Bxb5+ Nc6 9. c3 e6 10. Ne2 Bd6 11. Qd2 a6 12. Bd3 0-0 13. 0-0 Re8 14. Bg5 Be7 15. Kh1 Nd7 16. f4 g6 17. Bh6 f5 18. Qe3 Kf7 19. Rae1 Nf6 20. Ng1 Qc8 21. Qh3 Ng4 22. Nf3 Kg8 23. Ne5 Ncxe5 24. fxe5 Nxh6 25. Qxh6 Qd8 26. g4 Bg5 27. Qh3 Kh8 28. Rf3 b5 29. gxf5 gxf5 30. Rg1 Rg8 31. Rfg3 Ra7 32. Qh5 Rag7 33. a4 bxa4 34. Bxa6 Bd2 35. Rxg7 Rxg7 36. Rxg7 Kxg7 37. Qd1 a3 38. bxa3 Bxc3 39. Qg1+ Kf7 40. Qe3 Qa5 41. Be2 Bd2 42. Qh3 h6 43. Qh5+ Kg7 44. Qe8 Bg5 45. Qd7+ Kf8 46. Qc8+ Bd8 47. Kg2 Ke7 48. Qc1 Kd7 49. Qxh6 Qxa3 50. Qd2 Qb3 51. Bd1 Qc4 52. Be2 Qb3 53. Bd1 Qa3 54. Be2 Be7 55. Bb5+ Kd8 56. Be2 Qa4 57. Bd1 Qb5 58. Be2 Qa4 59. Bd1 Qa6 60. Qb2 Qa7 61. Be2 Ke8 62. Qd2 Qb6 63. Bh5+ Kd8 64. Be2 Bb4 65. Qg5+ Kd7 66. Qe3 Qc6 67. Qd3 Qc3 68. Kf3 Qe1 69. Kg2 Ke7 70. Qe3 Qh4 71. Bf3 Kf8 72. Qc1 Be7 73. Qc8+ Kf7 74. Qc3 Qg5+ 75. Kf1 Qf4 76. Kg2 Qh4 77. Qe3 Bd8 78. Qf2 Qg5+ 79. Kh3 Bb6 80. Qg3 Qh6+ 81. Kg2 Bxd4 82. h4 Qg6 83. Qxg6+ Kxg6 84. h5+ Kg5 85. Bd1 Bxe5 86. Ba4 Bg7 87. Kf3 Kf6 88. Bb3 d4 89. Ke2 e5 90. Kd3 Kg5 91. Bf7 e4+ 0-1